[Event "Open"]
[Site "Katowice"]
[Date "2025.06.01"]
[Round "6.8"]
[White "Heberla, Bartlomiej"]
[Black "Golis, Wiktor"]
[Result "0-1"]
[BlackElo "2200"]
[WhiteElo "2462"]
[LiveChessVersion "1.4.4"]

1. d4 {[%clk 0:10:04]} Nf6 {[%clk 0:10:03]} 2. c4 {[%clk 0:10:05]} e6
{[%clk 0:10:03]} 3. a3 {[%clk 0:10:06]} c5 {[%clk 0:10:03]} 4. d5
{[%clk 0:10:06]} exd5 {[%clk 0:10:04]} 5. cxd5 {[%clk 0:10:07]} d6
{[%clk 0:10:05]} 6. Nc3 {[%clk 0:10:08]} g6 {[%clk 0:10:01]} 7. e4
{[%clk 0:10:08]} Bg7 {[%clk 0:09:58]} 8. Bd3 {[%clk 0:10:09]} a6 {[%clk 0:09:57]}
9. a4 {[%clk 0:10:09]} O-O {[%clk 0:09:56]} 10. Nge2 {[%clk 0:10:10]} Nbd7
{[%clk 0:09:52]} 11. f4 {[%clk 0:09:42]} Re8 {[%clk 0:09:50]} 12. O-O
{[%clk 0:09:43]} c4 {[%clk 0:09:49]} 13. Bc2 {[%clk 0:09:36]} Nc5
{[%clk 0:09:48]} 14. Ng3 {[%clk 0:09:36]} h5 {[%clk 0:09:39]} 15. f5
{[%clk 0:08:25]} h4 {[%clk 0:09:32]} 16. Nh1 {[%clk 0:08:05]} Nfxe4
{[%clk 0:09:26]} 17. fxg6 {[%clk 0:07:40]} fxg6 {[%clk 0:09:23]} 18. Nxe4
{[%clk 0:07:30]} Nxe4 {[%clk 0:09:23]} 19. Be3 {[%clk 0:06:04]} Bf5
{[%clk 0:08:48]} 20. Bd4 {[%clk 0:05:59]} Qg5 {[%clk 0:08:34]} 21. Bxg7
{[%clk 0:05:47]} Qe3+ {[%clk 0:08:26]} 22. Nf2 {[%clk 0:05:49]} Kxg7
{[%clk 0:08:18]} 23. Bxe4 {[%clk 0:05:47]} Rxe4 {[%clk 0:07:44]} 24. Kh1
{[%clk 0:05:47]} h3 {[%clk 0:05:31]} 25. Nxh3 {[%clk 0:04:53]} Bxh3
{[%clk 0:05:28]} 26. gxh3 {[%clk 0:04:54]} Qxh3 {[%clk 0:05:13]} 27. Rf3
{[%clk 0:03:58]} Qh5 {[%clk 0:02:06]} 28. Qf1 {[%clk 0:03:45]} Qxd5
{[%clk 0:01:52]} 29. Rd1 {[%clk 0:03:45]} Rd4 {[%clk 0:01:45]} 30. Rxd4
{[%clk 0:02:19]} Qxd4 {[%clk 0:01:45]} 31. Rf7+ {[%clk 0:02:17]} Kg8
{[%clk 0:01:46]} 32. Rxb7 {[%clk 0:01:55]} Rf8 {[%clk 0:01:26]} 33. Qg1
{[%clk 0:00:07]} Qd5+ {[%clk 0:01:27]} 34. Qg2 {[%clk 0:00:09]} Rf1#
{[%clk 0:01:27]} 0-1

[Event "Open"]
[Site "Katowice"]
[Date "2025.06.01"]
[Round "6.9"]
[White "Warchol, Kamil"]
[Black "Fus, Jakub"]
[Result "1-0"]
[BlackElo "2414"]
[WhiteElo "2194"]
[LiveChessVersion "1.4.4"]

1. d4 {[%clk 0:10:04]} Nf6 2. c4 {[%clk 0:10:05]} c5 {[%clk 0:10:05]} 3. d5
{[%clk 0:10:06]} e6 {[%clk 0:10:07]} 4. Nc3 {[%clk 0:10:05]} exd5
{[%clk 0:10:08]} 5. cxd5 {[%clk 0:10:05]} d6 {[%clk 0:10:09]} 6. e4
{[%clk 0:10:05]} a6 {[%clk 0:10:09]} 7. a4 {[%clk 0:10:06]} g6 {[%clk 0:10:10]}
8. Bd3 {[%clk 0:09:57]} Bg7 {[%clk 0:10:11]} 9. Nf3 {[%clk 0:09:33]} Bg4
{[%clk 0:10:12]} 10. O-O {[%clk 0:09:24]} Nbd7 {[%clk 0:10:13]} 11. Bf4
{[%clk 0:08:50]} Qe7 {[%clk 0:09:02]} 12. h3 {[%clk 0:08:37]} Bxf3
{[%clk 0:09:02]} 13. Qxf3 {[%clk 0:08:37]} O-O {[%clk 0:08:57]} 14. Qe2
{[%clk 0:08:17]} Ne5 {[%clk 0:08:52]} 15. Bc2 {[%clk 0:08:14]} Nfd7
{[%clk 0:08:23]} 16. Bh2 {[%clk 0:07:38]} g5 {[%clk 0:08:20]} 17. Nd1
{[%clk 0:06:29]} Ng6 {[%clk 0:07:10]} 18. Ne3 {[%clk 0:05:51]} Be5
{[%clk 0:06:08]} 19. g3 {[%clk 0:05:44]} Qf6 20. Ng4 {[%clk 0:04:24]} Qg7
{[%clk 0:05:37]} 21. Rab1 {[%clk 0:04:05]} Rae8 {[%clk 0:05:29]} 22. Ne3
{[%clk 0:03:31]} Bd4 {[%clk 0:05:13]} 23. Nf5 {[%clk 0:03:28]} Qf6
{[%clk 0:05:15]} 24. Qh5 {[%clk 0:03:06]} Nge5 {[%clk 0:03:48]} 25. Kg2
{[%clk 0:02:20]} Nc4 {[%clk 0:03:43]} 26. e5 {[%clk 0:02:10]} Qg6
{[%clk 0:01:42]} 27. Nh6+ {[%clk 0:02:09]} Kg7 {[%clk 0:01:41]} 28. Bxg6
{[%clk 0:02:08]} fxg6 {[%clk 0:01:43]} 29. Qxg5 {[%clk 0:01:31]} Rxe5
{[%clk 0:01:40]} 30. Qc1 {[%clk 0:01:21]} Ncb6 {[%clk 0:01:09]} 31. Ng4
{[%clk 0:01:15]} Re2 {[%clk 0:01:01]} 32. Qh6+ {[%clk 0:00:59]} Kg8
{[%clk 0:01:03]} 33. Rbe1 {[%clk 0:00:56]} Rfe8 {[%clk 0:00:42]} 34. Rxe2
{[%clk 0:00:43]} Rxe2 {[%clk 0:00:43]} 35. Qg5 {[%clk 0:00:34]} Re8
{[%clk 0:00:29]} 36. Nh6+ {[%clk 0:00:30]} Kh8 {[%clk 0:00:23]} 37. Nf7+
{[%clk 0:00:25]} Kg7 {[%clk 0:00:21]} 38. Nxd6 {[%clk 0:00:25]} Re5
{[%clk 0:00:21]} 39. Qd8 {[%clk 0:00:19]} Re2 {[%clk 0:00:06]} 40. Nxb7
{[%clk 0:00:11]} Bf6 {[%clk 0:00:04]} 41. Qc7 {[%clk 0:00:10]} Be5
{[%clk 0:00:03]} 42. Qc6 {[%clk 0:00:09]} Bf6 {[%clk 0:00:05]} 43. Nd6
{[%clk 0:00:07]} Rd2 {[%clk 0:00:05]} 44. Ne4 {[%clk 0:00:07]} Rd4
{[%clk 0:00:06]} 45. Nxf6 {[%clk 0:00:08]} Kf7 {[%clk 0:00:06]} 46. Nxd7
{[%clk 0:00:08]} Nxd5 {[%clk 0:00:06]} 47. Qxc5 {[%clk 0:00:08]} Ke6
{[%clk 0:00:08]} 48. Nf8+ {[%clk 0:00:08]} Kf7 {[%clk 0:00:09]} 49. Qxd4
{[%clk 0:00:09]} 1-0

[Event "Open"]
[Site "Katowice"]
[Date "2025.06.01"]
[Round "6.10"]
[White "Golenia, Wojciech"]
[Black "Niedbala, Bartlomiej"]
[Result "1-0"]
[BlackElo "2380"]
[WhiteElo "2179"]
[LiveChessVersion "1.4.4"]

1. d4 {[%clk 0:10:03]} Nf6 {[%clk 0:10:03]} 2. c4 {[%clk 0:10:03]} e6
{[%clk 0:10:04]} 3. Nf3 {[%clk 0:10:03]} Bb4+ {[%clk 0:10:05]} 4. Bd2
{[%clk 0:10:03]} a5 {[%clk 0:10:06]} 5. g3 {[%clk 0:09:59]} d5 {[%clk 0:10:00]}
6. Bg2 {[%clk 0:09:56]} O-O {[%clk 0:09:54]} 7. O-O {[%clk 0:09:27]} c6
{[%clk 0:09:42]} 8. Bg5 {[%clk 0:09:12]} Be7 {[%clk 0:09:36]} 9. Nc3
{[%clk 0:08:38]} Nbd7 {[%clk 0:09:27]} 10. Ne5 {[%clk 0:07:55]} Nxe5
{[%clk 0:08:33]} 11. dxe5 {[%clk 0:07:55]} Nd7 {[%clk 0:08:30]} 12. Bxe7
{[%clk 0:07:55]} Qxe7 {[%clk 0:08:31]} 13. Qd4 {[%clk 0:07:50]} dxc4
{[%clk 0:07:32]} 14. Ne4 {[%clk 0:07:38]} Rd8 {[%clk 0:06:56]} 15. Rfd1
{[%clk 0:07:33]} Qb4 {[%clk 0:05:48]} 16. Rac1 {[%clk 0:07:00]} Kf8
{[%clk 0:04:42]} 17. Rxc4 {[%clk 0:06:35]} Qe7 {[%clk 0:04:26]} 18. h4
{[%clk 0:05:29]} f6 {[%clk 0:04:22]} 19. exf6 {[%clk 0:05:07]} gxf6
{[%clk 0:04:12]} 20. Nxf6 {[%clk 0:04:57]} e5 {[%clk 0:03:58]} 21. Qd6
{[%clk 0:04:23]} Qxd6 {[%clk 0:03:42]} 22. Rxd6 {[%clk 0:04:18]} Ke7
{[%clk 0:03:41]} 23. Ne4 {[%clk 0:04:05]} Nb6 {[%clk 0:03:01]} 24. Rxd8
{[%clk 0:04:05]} Nxc4 {[%clk 0:02:39]} 25. Rh8 {[%clk 0:03:58]} Nxb2
{[%clk 0:02:24]} 26. Rxh7+ {[%clk 0:03:42]} Ke6 {[%clk 0:02:08]} 27. Nc5+
{[%clk 0:03:34]} Kf6 {[%clk 0:01:42]} 28. Nxb7 {[%clk 0:03:28]} Bxb7
{[%clk 0:01:29]} 29. Rxb7 {[%clk 0:03:28]} Nc4 {[%clk 0:01:21]} 30. Rc7
{[%clk 0:03:12]} Rd8 {[%clk 0:01:14]} 31. Rxc6+ {[%clk 0:03:11]} Kg7
{[%clk 0:01:12]} 32. Rxc4 {[%clk 0:03:11]} Rd2 {[%clk 0:01:10]} 33. a4
{[%clk 0:03:02]} Rxe2 {[%clk 0:01:09]} 34. Re4 {[%clk 0:03:02]} Ra2
{[%clk 0:01:07]} 35. g4 {[%clk 0:02:56]} Kf6 {[%clk 0:01:07]} 36. Bh3
{[%clk 0:02:53]} Ra1+ {[%clk 0:01:07]} 37. Kg2 Ra3 {[%clk 0:01:06]} 38. g5+
{[%clk 0:02:52]} Kg6 {[%clk 0:01:07]} 39. Bd7 {[%clk 0:02:51]} Rc3
{[%clk 0:01:06]} 40. Rxe5 {[%clk 0:02:46]} Rc7 {[%clk 0:01:05]} 41. Bb5
{[%clk 0:02:44]} Kh5 {[%clk 0:01:05]} 42. Kg3 {[%clk 0:02:44]} Kg6
{[%clk 0:01:04]} 43. Re6+ {[%clk 0:02:41]} Kg7 {[%clk 0:01:05]} 44. h5
{[%clk 0:02:40]} Kh7 {[%clk 0:01:06]} 45. Bd3+ {[%clk 0:02:37]} Kh8
{[%clk 0:01:07]} 46. h6 {[%clk 0:02:36]} Rc3 {[%clk 0:01:07]} 47. Rd6
{[%clk 0:02:37]} Kg8 {[%clk 0:00:59]} 48. g6 {[%clk 0:02:37]} Kf8
{[%clk 0:00:59]} 49. g7+ {[%clk 0:02:32]} Kg8 {[%clk 0:00:58]} 50. Rd8+
{[%clk 0:02:32]} Kf7 {[%clk 0:01:00]} 51. Rf8+ {[%clk 0:02:32]} Ke7
{[%clk 0:01:01]} 52. g8=Q {[%clk 0:02:31]} Rxd3+ {[%clk 0:01:01]} 53. f3
{[%clk 0:02:32]} Ra3 {[%clk 0:01:00]} 54. Qf7+ {[%clk 0:02:31]} Kd6
{[%clk 0:01:01]} 55. Rd8+ {[%clk 0:02:30]} Kc5 {[%clk 0:01:02]} 56. Qc7+
{[%clk 0:02:30]} Kb4 {[%clk 0:01:03]} 57. Rd4+ {[%clk 0:02:29]} Kb3
{[%clk 0:01:04]} 58. Qc4+ {[%clk 0:02:30]} Kb2 59. Rd2+ {[%clk 0:02:31]} Ka1
{[%clk 0:01:05]} 60. Qc1# {[%clk 0:02:31]} 1-0

[Event "Open"]
[Site "Katowice"]
[Date "2025.06.01"]
[Round "6.11"]
[White "Piesik, Piotr"]
[Black "Kokoszczynski, Jan"]
[Result "0-1"]
[BlackElo "2196"]
[WhiteElo "2377"]
[LiveChessVersion "1.4.4"]

1. e4 {[%clk 0:10:02]} c6 {[%clk 0:10:03]} 2. d4 {[%clk 0:10:03]} d5
{[%clk 0:10:04]} 3. Nc3 {[%clk 0:10:03]} dxe4 {[%clk 0:10:05]} 4. Nxe4
{[%clk 0:10:03]} Nf6 {[%clk 0:10:05]} 5. Nxf6+ {[%clk 0:09:37]} exf6
{[%clk 0:10:06]} 6. Nf3 {[%clk 0:09:30]} Bd6 {[%clk 0:10:05]} 7. Be2
{[%clk 0:09:17]} O-O {[%clk 0:10:03]} 8. O-O {[%clk 0:09:12]} Re8
{[%clk 0:10:00]} 9. Be3 {[%clk 0:08:47]} Be6 {[%clk 0:09:58]} 10. c4
{[%clk 0:08:41]} Nd7 {[%clk 0:09:52]} 11. Qc2 {[%clk 0:08:06]} Rc8
{[%clk 0:09:49]} 12. h3 {[%clk 0:07:47]} Bb8 {[%clk 0:09:44]} 13. Bd3
{[%clk 0:07:29]} Nf8 {[%clk 0:09:42]} 14. Rac1 {[%clk 0:07:00]} Ng6
{[%clk 0:08:55]} 15. Qd2 {[%clk 0:06:45]} Qd6 {[%clk 0:08:37]} 16. Rfd1
{[%clk 0:06:05]} f5 {[%clk 0:07:22]} 17. Qc2 {[%clk 0:05:26]} Qd7
{[%clk 0:06:13]} 18. Bf1 {[%clk 0:04:17]} Qc7 {[%clk 0:05:55]} 19. Bd3
{[%clk 0:02:49]} Qd7 {[%clk 0:04:49]} 20. Bf1 {[%clk 0:02:44]} Qe7
{[%clk 0:04:50]} 21. Re1 {[%clk 0:02:13]} f4 {[%clk 0:04:28]} 22. Bd2
{[%clk 0:02:06]} Nh4 {[%clk 0:04:26]} 23. Qe4 {[%clk 0:01:43]} Nxf3+
{[%clk 0:03:59]} 24. Qxf3 {[%clk 0:01:43]} Qh4 {[%clk 0:03:26]} 25. d5
{[%clk 0:01:23]} cxd5 {[%clk 0:03:04]} 26. cxd5 {[%clk 0:01:24]} Bd7
{[%clk 0:02:59]} 27. Bd3 {[%clk 0:00:35]} Bd6 {[%clk 0:02:26]} 28. Rxc8
{[%clk 0:00:28]} Rxc8 {[%clk 0:02:25]} 29. Qe4 {[%clk 0:00:20]} f5
{[%clk 0:01:13]} 30. Qe2 {[%clk 0:00:12]} g5 {[%clk 0:01:00]} 31. Qf3
{[%clk 0:00:05]} g4 {[%clk 0:00:51]} 32. hxg4 {[%clk 0:00:06]} fxg4
{[%clk 0:00:49]} 33. Qe4 {[%clk 0:00:06]} f3 {[%clk 0:00:12]} 34. Bc3
{[%clk 0:00:06]} Qh2+ {[%clk 0:00:11]} 35. Bd2 Qh4 {[%clk 0:00:00]} 36. g3
{[%clk 0:00:04]} Bxg3 37. Qxh7+ Qxh7 38. Bxh7+ Kxh7 39. fxg3 Rc2 40. Re7+ Kg6
{[%clk 0:00:00]} 41. Bc3 f2+ 0-1

[Event "Open"]
[Site "Katowice"]
[Date "2025.06.01"]
[Round "6.12"]
[White "Kowalski, Igor"]
[Black "Kubik, Rafal"]
[Result "1-0"]
[BlackElo "2181"]
[WhiteElo "2346"]
[LiveChessVersion "1.4.4"]

1. d4 {[%clk 0:10:02]} Nf6 {[%clk 0:10:03]} 2. c4 {[%clk 0:10:02]} g6
{[%clk 0:10:05]} 3. Nc3 {[%clk 0:10:03]} Bg7 {[%clk 0:10:06]} 4. e4
{[%clk 0:10:04]} O-O {[%clk 0:10:06]} 5. Nf3 {[%clk 0:10:05]} d6 {[%clk 0:10:07]}
6. Be2 {[%clk 0:10:06]} e5 {[%clk 0:10:07]} 7. dxe5 {[%clk 0:10:06]} dxe5
{[%clk 0:10:08]} 8. Qxd8 {[%clk 0:10:06]} Rxd8 {[%clk 0:10:09]} 9. Bg5
{[%clk 0:10:07]} Nc6 {[%clk 0:09:50]} 10. Nd5 {[%clk 0:10:02]} Rd6
{[%clk 0:09:27]} 11. Bxf6 {[%clk 0:10:00]} Bxf6 {[%clk 0:09:20]} 12. c5
{[%clk 0:10:01]} Rxd5 {[%clk 0:09:04]} 13. exd5 {[%clk 0:10:01]} Nb4
{[%clk 0:09:04]} 14. O-O-O {[%clk 0:09:35]} Nxa2+ {[%clk 0:09:03]} 15. Kb1
{[%clk 0:09:34]} Nb4 {[%clk 0:09:03]} 16. Ne1 {[%clk 0:08:49]} Bf5+
{[%clk 0:08:49]} 17. Bd3 {[%clk 0:08:45]} e4 {[%clk 0:08:20]} 18. Bc2
{[%clk 0:08:42]} Rd8 {[%clk 0:07:30]} 19. d6 {[%clk 0:08:20]} cxd6
{[%clk 0:06:57]} 20. Rxd6 {[%clk 0:08:16]} Rxd6 {[%clk 0:06:50]} 21. cxd6
{[%clk 0:08:17]} Nxc2 {[%clk 0:06:34]} 22. Nxc2 {[%clk 0:08:16]} Kf8
{[%clk 0:06:13]} 23. Ne3 {[%clk 0:08:16]} Bd7 {[%clk 0:06:02]} 24. Rc1
{[%clk 0:08:09]} Bc6 {[%clk 0:05:58]} 25. Nc4 {[%clk 0:08:00]} Ke8
{[%clk 0:05:16]} 26. Na5 {[%clk 0:08:00]} Kd7 {[%clk 0:05:05]} 27. Nxb7
{[%clk 0:07:57]} Bd4 {[%clk 0:04:34]} 28. Na5 {[%clk 0:07:49]} Bd5
{[%clk 0:03:58]} 29. Rd1 {[%clk 0:07:35]} e3 {[%clk 0:03:45]} 30. fxe3
{[%clk 0:07:30]} Be4+ {[%clk 0:03:17]} 31. Ka1 {[%clk 0:07:31]} Bxe3
{[%clk 0:03:16]} 32. Re1 {[%clk 0:07:32]} Bb6 {[%clk 0:02:44]} 33. Rxe4
{[%clk 0:07:32]} Bxa5 {[%clk 0:02:43]} 34. Re7+ {[%clk 0:07:32]} Kxd6
{[%clk 0:02:44]} 35. Rxa7 {[%clk 0:07:32]} Bc7 {[%clk 0:02:41]} 36. Kb1
{[%clk 0:07:28]} h5 {[%clk 0:02:24]} 37. g3 {[%clk 0:07:29]} f6 {[%clk 0:02:19]}
38. Kc2 {[%clk 0:07:27]} Bb8 {[%clk 0:01:37]} 39. Rg7 {[%clk 0:07:24]} g5
{[%clk 0:01:34]} 40. Rh7 {[%clk 0:07:25]} Bc7 {[%clk 0:01:07]} 41. Rxh5
{[%clk 0:07:24]} Bb6 {[%clk 0:01:05]} 42. Kd3 {[%clk 0:07:23]} Ke5
{[%clk 0:01:05]} 43. h4 {[%clk 0:07:15]} Kf5 {[%clk 0:01:03]} 44. hxg5
{[%clk 0:07:12]} fxg5 {[%clk 0:01:04]} 45. Ke2 {[%clk 0:07:05]} Kg4
{[%clk 0:00:59]} 46. Rh6 {[%clk 0:07:04]} Bd4 {[%clk 0:00:52]} 47. b4
{[%clk 0:07:00]} Kxg3 {[%clk 0:00:52]} 48. Kd3 {[%clk 0:06:57]} Be5
{[%clk 0:00:43]} 49. b5 {[%clk 0:06:55]} g4 {[%clk 0:00:43]} 50. Ke4
{[%clk 0:06:54]} Bb8 {[%clk 0:00:32]} 51. b6 {[%clk 0:06:52]} Kf2
{[%clk 0:00:32]} 52. Rf6+ {[%clk 0:06:47]} Kg2 {[%clk 0:00:23]} 53. Rf8
{[%clk 0:06:40]} Bh2 {[%clk 0:00:24]} 54. b7 {[%clk 0:06:39]} Bd6
{[%clk 0:00:11]} 55. Rd8 {[%clk 0:06:21]} Bc7 {[%clk 0:00:10]} 56. Rd2+
{[%clk 0:06:15]} Kh3 {[%clk 0:00:10]} 57. Rc2 {[%clk 0:06:11]} Bg3
{[%clk 0:00:10]} 58. Rc5 {[%clk 0:06:11]} Bd6 {[%clk 0:00:10]} 59. Rh5+
{[%clk 0:06:09]} Kg2 {[%clk 0:00:11]} 60. Rd5 {[%clk 0:06:07]} Bc7 61. Rc5
{[%clk 0:06:06]} Bd6 {[%clk 0:00:14]} 62. Rd5 {[%clk 0:06:02]} Bh2
{[%clk 0:00:14]} 63. Re5 {[%clk 0:06:03]} g3 {[%clk 0:00:15]} 64. b8=Q
{[%clk 0:06:02]} Kh1 {[%clk 0:00:15]} 65. Qb1+ {[%clk 0:05:51]} Bg1
{[%clk 0:00:15]} 66. Kf3 {[%clk 0:05:48]} 1-0

[Event "Open"]
[Site "Katowice"]
[Date "2025.06.01"]
[Round "6.13"]
[White "Wikar, Martyna"]
[Black "Kosiorek, Marek"]
[Result "0-1"]
[BlackElo "2328"]
[WhiteElo "2155"]
[LiveChessVersion "1.4.4"]

1. e4 {[%clk 0:10:02]} e5 {[%clk 0:10:03]} 2. Nf3 {[%clk 0:10:02]} Nc6
{[%clk 0:10:04]} 3. c3 {[%clk 0:10:00]} d5 {[%clk 0:10:05]} 4. exd5
{[%clk 0:10:00]} Qxd5 {[%clk 0:10:05]} 5. d4 {[%clk 0:09:43]} exd4
{[%clk 0:10:04]} 6. Nxd4 {[%clk 0:09:41]} Nxd4 {[%clk 0:09:54]} 7. cxd4
{[%clk 0:09:40]} Nf6 {[%clk 0:08:53]} 8. Nc3 {[%clk 0:09:34]} Qe6+
{[%clk 0:08:30]} 9. Be2 {[%clk 0:09:22]} Bd6 {[%clk 0:07:59]} 10. Be3
{[%clk 0:09:05]} O-O {[%clk 0:07:49]} 11. O-O {[%clk 0:08:53]} c6
{[%clk 0:07:33]} 12. Qd2 {[%clk 0:08:19]} Ng4 {[%clk 0:07:03]} 13. Bxg4
{[%clk 0:06:55]} Qxg4 {[%clk 0:07:04]} 14. Qe2 {[%clk 0:06:26]} Qg6
{[%clk 0:06:12]} 15. g3 {[%clk 0:05:05]} Bg4 {[%clk 0:05:31]} 16. f3
{[%clk 0:04:48]} Bf5 {[%clk 0:05:19]} 17. Rad1 {[%clk 0:04:28]} Rfe8
{[%clk 0:05:11]} 18. Qf2 {[%clk 0:04:27]} h5 {[%clk 0:04:34]} 19. Ne2
{[%clk 0:03:49]} Qe6 {[%clk 0:03:59]} 20. Bf4 {[%clk 0:03:36]} Bb4
{[%clk 0:02:58]} 21. Nc3 {[%clk 0:03:31]} Qc4 {[%clk 0:02:28]} 22. Qd2
{[%clk 0:02:54]} Bxc3 {[%clk 0:01:34]} 23. Qxc3 {[%clk 0:02:53]} Qxa2
{[%clk 0:01:16]} 24. Rf2 {[%clk 0:02:39]} Qd5 {[%clk 0:01:11]} 25. Kg2
{[%clk 0:02:11]} Re6 {[%clk 0:01:04]} 26. Ra1 {[%clk 0:02:11]} a6
{[%clk 0:01:03]} 27. Ra5 {[%clk 0:02:11]} b5 {[%clk 0:01:00]} 28. b4
{[%clk 0:02:05]} h4 {[%clk 0:00:53]} 29. Raa2 {[%clk 0:01:49]} h3+
{[%clk 0:00:47]} 30. Kf1 {[%clk 0:01:41]} Rae8 {[%clk 0:00:41]} 31. Rfe2
{[%clk 0:01:16]} Bb1 {[%clk 0:00:15]} 32. Rab2 {[%clk 0:01:08]} Rxe2
{[%clk 0:00:14]} 33. Rxe2 {[%clk 0:01:06]} Rxe2 {[%clk 0:00:13]} 34. Kxe2
{[%clk 0:01:06]} Qa2+ {[%clk 0:00:12]} 35. Bd2 {[%clk 0:01:03]} Qe6+
{[%clk 0:00:09]} 36. Kf2 {[%clk 0:01:03]} Ba2 {[%clk 0:00:09]} 37. Qa3
{[%clk 0:00:48]} Bc4 {[%clk 0:00:10]} 38. Qe3 {[%clk 0:00:49]} Qxe3+
{[%clk 0:00:08]} 39. Kxe3 {[%clk 0:00:48]} Kf8 {[%clk 0:00:07]} 40. Ke4
{[%clk 0:00:50]} Bd5+ {[%clk 0:00:07]} 41. Kf4 {[%clk 0:00:49]} Ke7
{[%clk 0:00:07]} 42. Kg4 {[%clk 0:00:47]} Be6+ {[%clk 0:00:05]} 43. Kf4
{[%clk 0:00:45]} Kd6 {[%clk 0:00:05]} 44. Ke4 {[%clk 0:00:41]} f5+
{[%clk 0:00:05]} 45. Kd3 {[%clk 0:00:42]} Kd5 {[%clk 0:00:04]} 46. Bf4
{[%clk 0:00:40]} g6 {[%clk 0:00:05]} 47. Kc3 {[%clk 0:00:38]} Bf7
{[%clk 0:00:05]} 48. Kd3 {[%clk 0:00:37]} Ke6 {[%clk 0:00:05]} 49. Bg5
{[%clk 0:00:33]} Kd6 {[%clk 0:00:06]} 50. Kc3 {[%clk 0:00:32]} Bd5
{[%clk 0:00:06]} 51. f4 {[%clk 0:00:30]} Bc4 {[%clk 0:00:07]} 52. Bh6
{[%clk 0:00:27]} Kd5 {[%clk 0:00:08]} 0-1

[Event "Open"]
[Site "Katowice"]
[Date "2025.06.01"]
[Round "6.14"]
[White "Wilk, Krzysztof"]
[Black "Socko, Monika"]
[Result "0-1"]
[BlackElo "2276"]
[WhiteElo "2133"]
[LiveChessVersion "1.4.4"]

1. e4 {[%clk 0:10:03]} c5 {[%clk 0:10:02]} 2. Nf3 {[%clk 0:10:04]} e6
{[%clk 0:10:03]} 3. d4 {[%clk 0:10:04]} cxd4 {[%clk 0:10:04]} 4. Nxd4
{[%clk 0:10:05]} a6 {[%clk 0:10:04]} 5. Bd3 {[%clk 0:09:48]} Nf6 {[%clk 0:10:03]}
6. O-O {[%clk 0:09:31]} d6 {[%clk 0:10:03]} 7. c4 {[%clk 0:09:24]} Nbd7
{[%clk 0:10:03]} 8. Nc3 {[%clk 0:09:21]} Be7 {[%clk 0:10:04]} 9. Qe2
{[%clk 0:09:21]} O-O {[%clk 0:10:02]} 10. b3 {[%clk 0:08:57]} Qc7
{[%clk 0:09:58]} 11. Bd2 {[%clk 0:08:37]} b6 {[%clk 0:09:54]} 12. Rae1
{[%clk 0:08:36]} Bb7 13. f4 {[%clk 0:08:37]} Rad8 {[%clk 0:08:32]} 14. Nf3
{[%clk 0:08:33]} Ne8 {[%clk 0:07:22]} 15. Bc2 {[%clk 0:06:56]} Bc6
{[%clk 0:05:10]} 16. Nd4 {[%clk 0:06:25]} Bb7 {[%clk 0:04:57]} 17. Bb1
{[%clk 0:06:01]} Bf6 {[%clk 0:03:55]} 18. Nf3 {[%clk 0:05:52]} d5
{[%clk 0:03:35]} 19. e5 {[%clk 0:05:50]} Be7 {[%clk 0:03:36]} 20. Qd3
{[%clk 0:04:33]} g6 {[%clk 0:03:30]} 21. cxd5 {[%clk 0:04:14]} Nc5
{[%clk 0:02:48]} 22. Qe2 {[%clk 0:03:57]} Bxd5 {[%clk 0:02:47]} 23. Nxd5
{[%clk 0:03:56]} Rxd5 {[%clk 0:02:48]} 24. Be3 {[%clk 0:03:35]} Qd7
{[%clk 0:02:30]} 25. Rd1 {[%clk 0:02:33]} Nc7 {[%clk 0:02:28]} 26. Kh1
{[%clk 0:02:18]} Rd8 {[%clk 0:02:29]} 27. Rxd5 {[%clk 0:01:59]} Qxd5
{[%clk 0:02:03]} 28. Bc2 {[%clk 0:01:11]} Qc6 {[%clk 0:01:36]} 29. Nd4
{[%clk 0:01:09]} Qb7 {[%clk 0:01:30]} 30. b4 {[%clk 0:00:39]} Nd7
{[%clk 0:00:42]} 31. Qc4 {[%clk 0:00:17]} b5 {[%clk 0:00:32]} 32. Qc6
{[%clk 0:00:17]} Qb8 {[%clk 0:00:25]} 33. a3 {[%clk 0:00:13]} Nd5
{[%clk 0:00:26]} 34. Nxe6 {[%clk 0:00:13]} Nxe3 {[%clk 0:00:25]} 35. Nxd8
{[%clk 0:00:11]} Nxf1 {[%clk 0:00:22]} 36. Nxf7 {[%clk 0:00:04]} Kxf7
{[%clk 0:00:13]} 37. Qxd7 {[%clk 0:00:03]} Qd8 {[%clk 0:00:11]} 38. Bb3+
{[%clk 0:00:04]} Kg7 {[%clk 0:00:12]} 39. Qe6 {[%clk 0:00:00]} Qf8
{[%clk 0:00:12]} 0-1

[Event "Open"]
[Site "Katowice"]
[Date "2025.06.01"]
[Round "6.15"]
[White "Grot, Blazej"]
[Black "Padalka, Artem"]
[Result "1-0"]
[BlackElo "2103"]
[WhiteElo "2276"]
[LiveChessVersion "1.4.4"]

1. e4 {[%clk 0:10:03]} e5 {[%clk 0:10:00]} 2. Nf3 {[%clk 0:10:04]} Nc6
{[%clk 0:10:01]} 3. Bc4 {[%clk 0:10:05]} Bc5 {[%clk 0:10:01]} 4. O-O
{[%clk 0:10:05]} Nf6 {[%clk 0:10:01]} 5. d4 {[%clk 0:10:06]} Nxd4
{[%clk 0:09:51]} 6. Nxe5 {[%clk 0:09:57]} O-O {[%clk 0:09:48]} 7. Be3
{[%clk 0:09:37]} Ne6 {[%clk 0:08:31]} 8. Bxe6 {[%clk 0:09:23]} fxe6
{[%clk 0:08:16]} 9. Bxc5 {[%clk 0:09:18]} d6 {[%clk 0:08:10]} 10. Ba3
{[%clk 0:09:16]} dxe5 {[%clk 0:08:00]} 11. Bxf8 {[%clk 0:09:16]} Qxf8
{[%clk 0:07:59]} 12. Nc3 {[%clk 0:09:14]} Bd7 {[%clk 0:07:53]} 13. Qe2
{[%clk 0:09:03]} Bc6 {[%clk 0:07:32]} 14. Qc4 {[%clk 0:08:57]} Qf7
{[%clk 0:06:54]} 15. Rad1 {[%clk 0:08:43]} Rf8 {[%clk 0:06:34]} 16. h3
{[%clk 0:08:31]} Nh5 {[%clk 0:04:43]} 17. Rd3 {[%clk 0:06:21]} Qg6
{[%clk 0:03:04]} 18. b4 {[%clk 0:04:54]} a6 {[%clk 0:02:36]} 19. a4
{[%clk 0:04:49]} h6 {[%clk 0:00:07]} 20. b5 {[%clk 0:04:47]} axb5
{[%clk 0:00:08]} 21. axb5 {[%clk 0:04:48]} Be8 {[%clk 0:00:09]} 22. Qxc7
{[%clk 0:04:37]} Kh7 {[%clk 0:00:05]} 23. Qxe5 {[%clk 0:04:15]} Nf6
{[%clk 0:00:03]} 24. Rg3 {[%clk 0:04:07]} Qf7 {[%clk 0:00:04]} 25. Ne2
{[%clk 0:03:23]} Qe7 {[%clk 0:00:03]} 26. Nd4 {[%clk 0:03:18]} Bd7
{[%clk 0:00:03]} 27. Nf5 {[%clk 0:03:09]} Qf7 {[%clk 0:00:04]} 28. Rxg7+
{[%clk 0:03:10]} Qxg7 {[%clk 0:00:04]} 29. Nxg7 {[%clk 0:03:10]} Kxg7
{[%clk 0:00:05]} 30. Rd1 {[%clk 0:03:06]} Rf7 {[%clk 0:00:03]} 31. c4
{[%clk 0:03:02]} b6 {[%clk 0:00:03]} 32. Rd3 {[%clk 0:02:49]} Kh7
{[%clk 0:00:03]} 33. Rf3 {[%clk 0:02:47]} Kg7 {[%clk 0:00:04]} 34. c5
{[%clk 0:02:39]} Bxb5 {[%clk 0:00:04]} 35. cxb6 {[%clk 0:02:37]} Bc6
{[%clk 0:00:03]} 36. Rxf6 {[%clk 0:02:31]} Rxf6 {[%clk 0:00:04]} 37. Qc7+ Kg6
{[%clk 0:00:03]} 38. Qxc6 {[%clk 0:02:33]} e5 {[%clk 0:00:03]} 39. Qxf6+
{[%clk 0:02:32]} Kxf6 {[%clk 0:00:04]} 40. b7 {[%clk 0:02:33]} Ke6
{[%clk 0:00:03]} 41. b8=Q {[%clk 0:02:33]} Kd7 {[%clk 0:00:04]} 42. Qh8
{[%clk 0:02:33]} Ke7 {[%clk 0:00:04]} 43. Qxe5+ {[%clk 0:02:34]} Kd7
{[%clk 0:00:05]} 44. Qg7+ {[%clk 0:02:34]} Ke8 {[%clk 0:00:06]} 45. Qxh6
{[%clk 0:02:35]} Kd8 {[%clk 0:00:07]} 46. Qg7 {[%clk 0:02:36]} Ke8
{[%clk 0:00:08]} 47. Kf1 {[%clk 0:02:37]} Kd8 {[%clk 0:00:09]} 48. Ke2
{[%clk 0:02:38]} Ke8 {[%clk 0:00:09]} 49. Kd3 {[%clk 0:02:40]} Kd8
{[%clk 0:00:10]} 50. Kd4 {[%clk 0:02:41]} Ke8 {[%clk 0:00:12]} 51. Kd5 Kd8
{[%clk 0:00:05]} 52. Kd6 {[%clk 0:02:43]} Ke8 {[%clk 0:00:00]} 53. Qe7# 1-0